|
|
|
|
| LEADER |
00000nab a2200000 ar4500 |
| 001 |
vtls010694747 |
| 003 |
SK-MaSNL |
| 005 |
20260303210804.0 |
| 008 |
150723c20150409xo mr|p|||||||000 b|slo |
| 038 |
|
|
|a SNSK
|
| 040 |
|
|
|b slo
|c SNSK
|e AACR2
|
| 041 |
|
|
|a slo
|
| 044 |
|
|
|a xo
|c SK
|
| 080 |
|
|
|a 355.673
|2 2001
|
| 080 |
|
|
|a 331.108.644.6
|2 2001
|
| 080 |
|
|
|a 725.51
|x (437.671)
|2 2001
|
| 100 |
1 |
|
|a Kovář, Zdeněk
|4 aut
|9 266642
|
| 245 |
1 |
0 |
|a Zistili, že si dokážu upratať aj sami!
|b pre obstarávanie za 300 000 € ročne vlani odvolali riaditeľa nemocnice
|c Zdeněk Kovář
|
| 300 |
|
|
|b Fotogr.
|
| 610 |
2 |
7 |
|a Univerzitná nemocnica L. Pasteura Košice
|2 snsk
|9 155401
|
| 650 |
0 |
7 |
|a upratovanie
|2 snsk
|9 29375
|
| 650 |
0 |
7 |
|a kauzy
|2 snsk
|9 1016128
|
| 650 |
0 |
7 |
|a odvolanie riaditeľa z funkcie
|2 snsk
|9 1242952
|
| 651 |
|
7 |
|a Košice (Slovensko)
|2 snsk
|9 18694
|
| 773 |
0 |
|
|t Nový Čas
|g Roč. 25, č. 81 (9.4.2015), s. 8-9
|x 1335-4655
|
| 852 |
|
|
|a SNSK
|b KIS3GCP
|
| 999 |
|
|
|c 2201722
|d 2203652
|